| 000 | 00872nam a22002657a 4500 | ||
|---|---|---|---|
| 003 | dpl | ||
| 005 | 20180607123747.0 | ||
| 008 | 180607b xxu||||| |||| 00| 0 eng d | ||
| 010 | _aA-896718 | ||
| 020 |
_c00.00 _a0195639413 |
||
| 035 | _aA-896718, A-896720 | ||
| 037 | _bCen Lib/Ret | ||
| 040 |
_aDPL _bEN _c0 |
||
| 082 |
_a519.2 _bPRO |
||
| 245 |
_aProbability and its applications / _cedited by M. C. Bhattacharjee [and] S. K. Basu |
||
| 260 |
_aNew Delhi _bOxford University Press _c1997 |
||
| 270 |
_bNew Delhi _aYMCA Library Building, Jai Singh Road _e110001 |
||
| 300 |
_a178p. _c20cm(Hb) |
||
| 500 | _aIncludes bibliographical references | ||
| 650 |
_aProbabilities -- Congresses _920418 |
||
| 650 |
_aProbabilities _920419 |
||
| 700 |
_aBhattacharjee, M. C. _920420 |
||
| 700 |
_aBasu, S. K. _920421 |
||
| 942 |
_2ddc _cEN _h519.2 _mPRO |
||
| 999 |
_c127411 _d127411 |
||